| 000 | 00342nam a22001337a 4500 | ||
|---|---|---|---|
| 008 | 250313b |||||||| |||| 00| 0 eng d | ||
| 020 | _a0962474517 | ||
| 050 |
_aHD58.8 _b.W38 |
||
| 100 | _aWATERMAN, Robert H. Jr. | ||
| 245 | _aAdhocracy the Power of Change | ||
| 260 |
_aKnoxville _bWhittle Direct Books _c1990 |
||
| 300 | _a80p. | ||
| 942 | _cBK | ||
| 999 |
_c2306 _d2306 |
||